| 000 | 00702nam a22001337a 4500 | ||
|---|---|---|---|
| 040 | _cRUA | ||
| 082 | _aAGR MON 2017 B630 Or.1 | ||
| 100 | _aMON SOKIM ម៉ុង សុខគីម | ||
| 245 | _agenotypic variation in morphological traits of rice (Oryza sativa L) under salt stress condition ការឆ្លើយតបលើលក្ខណះរូបសាស្រ្តរបស់សេណូទីបស្រូវផ្សេងៗក្រោមលក្ខណ្ឌស្រេ្តអំបិលស | ||
| 260 |
_aRUA _bphnom penh _c2017 |
||
| 300 |
_axiv;32p _bill; _c29cm |
||
| 856 | _uhttps://drive.google.com/file/d/1M_ATzV5lIIhq1DIfQYilKvKHGKV6y0hG/view?usp=sharing | ||
| 942 | _cAGR | ||
| 999 |
_c17958 _d17958 |
||